000 01089nam a22002537a 4500
999 _c19274
_d19274
003 AR-CdUCM
008 190517b ||||| |||| 00| 0 spa d
040 _aMUNICIPALIDAD PROVINCIAL DEL CUSCO
_cBIBLIOTECA MUNICIPAL DEL CUSCO
082 _a378 /
_bH97
100 _aHutchinson Michael
_940520
245 _aLa educación de niños y jóvenes inteligentes /
260 _aBuenos Aires :
_bPaidos,
_c1970.
300 _a247 paginas ;
_c21 cm.
440 _aBiblioteca del educador contemporaneo
_936595
500 _aTitulo original : Educating the intelligent
505 _aContenido : Inversión en educación -- Las necesidades del niño -- La finalidad de la escuela y los orígenes del curriculum actual -- Un curriculum capaz de satisfacer las necesidades sociales del niño -- El ciclo secundario superior ...
650 _aEducación Primaria
_91561
650 _aCiclo secundario
_940521
650 _aComunidad escolar
_940522
700 _aLah, Ladislao (Traducción)
_940523
700 _aYoung, Christopher
_940524
942 _2ddc
_cLIBROS
945 _awnts
_d2019-05-17